Bể cảng và đê chắn sóng
Gorde:
| Egile nagusia: | |
|---|---|
| Formatua: | Liburua |
| Hizkuntza: | Undetermined |
| Argitaratua: |
Xây dựng
2000
|
| Etiketak: |
Etiketa erantsi
Etiketarik gabe, Izan zaitez lehena erregistro honi etiketa jartzen!
|
| Thư viện lưu trữ: | Trung tâm Học liệu Trường Đại học Cần Thơ |
|---|
| LEADER | 00520nam a2200169Ia 4500 | ||
|---|---|---|---|
| 001 | CTU_48573 | ||
| 008 | 210402s9999 xx 000 0 und d | ||
| 082 | |a 627.58 | ||
| 082 | |b B250 | ||
| 100 | |a PHẠM VĂN GIÁP ...[et al.] | ||
| 245 | 0 | |a Bể cảng và đê chắn sóng | |
| 245 | 0 | |c PHẠM VĂN GIÁP ...[et al.], PHẠM VĂN GIÁP | |
| 260 | |b Xây dựng | ||
| 260 | |c 2000 | ||
| 526 | |a Công trình ven biển | ||
| 526 | |b CN665 | ||
| 980 | |a Trung tâm Học liệu Trường Đại học Cần Thơ | ||